| 000 | 01463nam a2200373 a 4500 | ||
|---|---|---|---|
| 001 | 000015519 | ||
| 003 | DO-SdBNP | ||
| 005 | 20240807122138.0 | ||
| 007 | ta | ||
| 008 | 100211s2017 dr 000 spa | ||
| 020 | _a9789945586732 (v.3) | ||
| 020 | _a9789945586572 (o.c.) | ||
| 040 |
_aDO-SdBNP _bspa _cBPMSU |
||
| 082 | 4 |
_aRD868.3 _bG216o 2017 _222 |
|
| 100 | 1 |
_aGarcía Godoy, Federico, _d1857-1924 |
|
| 100 | z |
_a Godoy, Federico García, _d1857-1924 |
|
| 245 | 1 | 0 |
_aObras casi completas / _cFederico García Godoy ; editor Andrés Blanco Díaz |
| 260 |
_aSanto Domingo : _bArchivo General de la Nacion, _c2017- |
||
| 300 |
_a6 v. ; _c24 cm. |
||
| 500 | _aIncluye datos biográficos del autor en las solapas | ||
| 505 | _aTomo 1. Recuerdos, opiniones e impresiones -- Tomo 2. Cartas -- Tomo 3. Notas críticas -- Tomo 4. En la hora trágica y Días sin sol -- v. 5 : Antología 1 -- v. 6 : Antología 2, | ||
| 590 | _aInventariado, 2024/VM | ||
| 600 | 1 | 4 |
_a García Godoy, Federico, _d1857-1924 |
| 600 | z |
_aGodoy, Federico García, _d1857-1924 |
|
| 650 | 4 |
_aLiteratura dominicana. _xHistoria y crítica |
|
| 650 | 4 |
_aNovelas Latinoamericanas _vColecciones |
|
| 650 | 4 | _aEscritores Latinoamericanos | |
| 650 | z | _aDominican literature | |
| 700 | 1 |
_aBlanco Díaz, Andrés _eed. |
|
| 700 | z |
_a Blanco D., Andrés _q (Blanco Díaz) |
|
| 700 | z | _aDíaz, Andrés Blanco | |
| 910 | _aVMateo V. Control de calidad BPMSU | ||
| 942 |
_2ddc _cBK |
||
| 999 |
_c14770 _d14770 |
||